Kursus Kreativiti Kearah Kecemerlangan Organisasi (13 - 15 Disember)

Bibliographic Details
Format: Book
Subjects:
Online Access:http://app.inspen.gov.my:7779/pls/portal/docs/PAGE/CORPORATEPAGES/PORTAL_INSPEN/NOTA_KURSUS/VO/AAR.PDF

MARC

LEADER 00000cam a2200000 7i4500
001 0000005786
005 20071206.0
040 |a INS 
090 0 0 |a VO16 
245 0 0 |a Kursus Kreativiti Kearah Kecemerlangan Organisasi (13 - 15 Disember) 
500 |a Digital document is available on-line; Please click the URL below 
650 0 0 |a Kreativiti 
856 |u http://app.inspen.gov.my:7779/pls/portal/docs/PAGE/CORPORATEPAGES/PORTAL_INSPEN/NOTA_KURSUS/VO/AAR.PDF 
999 |a VO00000020   |b BOOK   |c Banned Items   |e Default branch 
999 |a VO00000684   |b BOOK   |c Course Notes   |e Default branch 
999 |a VO00000685   |b BOOK   |c Course Notes   |e Default branch